Lecturas de metodología de las ciencias sociales: texto de apoyo a los estudiantes /

Gespeichert in:
Bibliographische Detailangaben
1. Verfasser: Bengoechea, Sonia
Körperschaft: Universidad de San Carlos de Guatemala. Escuela de Ciencia Política. Instituto de Investigaciones Politicas y Sociales
Weitere Verfasser: Cortés, Fernando Zemelman, Hugo Luengo, Enrique Marcos, Patricio Eisner, Elliot W. Friedrich, Walter Vetter, Berndt Tecla J., Alfredo de Schutter, Antón Aceves Lozano, Jorge E. Giglia, Angela Pensado Leglise, Patricia Camare
Format: Text
Veröffentlicht: s.l.: Foto publicaciones
Schlagworte:
Tags: Tag hinzufügen
Keine Tags, Fügen Sie den ersten Tag hinzu!

MARC

LEADER 00000 a a2200000 04500
001 31619
003
040
090 |a 199105  
100 |a Bengoechea, Sonia  
110 |a Universidad de San Carlos de Guatemala. Escuela de Ciencia Política. Instituto de Investigaciones Politicas y Sociales.  
245 |a Lecturas de metodología de las ciencias sociales: texto de apoyo a los estudiantes /  |c Sonia Bengoechea  
260 |a s.l.:   |b Foto publicaciones  
300 |a 250 p.  
500 |a Articulo tomado del libro: "ojo ilustrado" Barcelona 1998  
650 |a INVESTIGACION EDUCATIVA  
650 |a CALIDAD DE LA INVESTIGACION  
650 |a METODOS DE INVESTIGACION  
650 |a RECOMENDACIONES  
700 |a Cortés, Fernando   |a Zemelman, Hugo   |a Luengo, Enrique   |a Marcos, Patricio   |a Eisner, Elliot W.   |a Friedrich, Walter   |a Vetter, Berndt   |a Tecla J., Alfredo   |a de Schutter, Antón   |a Aceves Lozano, Jorge E.   |a Giglia, Angela   |a Pensado Leglise, Patricia   |a Camare  
999 |c 13895  |d 13895